Normal view
MARC view
Entry Topical Term
001 - CONTROL NUMBER
- control field: 32369
003 - CONTROL NUMBER IDENTIFIER
- control field: OSt
005 - DATE AND TIME OF LATEST TRANSACTION
- control field: 20220816123617.0
008 - FIXED-LENGTH DATA ELEMENTS
- fixed length control field: 220816|| aca||aabn | a|a d
040 ## - CATALOGING SOURCE
- Original cataloging agency: OSt
- Transcribing agency: OSt
150 ## - HEADING--TOPICAL TERM
- Topical term or geographic name entry element: United States - Navy - SEALs - Officers
670 ## - SOURCE DATA FOUND
- Source citation: Work cat.: (OSt): Luttrell, Marcus 32368, Lone survivor: the eyewitness account of operation redwing and the lost heroes of Seal team 10, 2007
